[Event "Oberliga Bayern 1314"]
[Site "Bayern"]
[Date "2013.12.15"]
[Round "4.3"]
[White "Schnelzer, Reinhold"]
[Black "Rother, Christoph"]
[Result "0-1"]
[WhiteElo "2252"]
[BlackElo "2235"]
[PlyCount "74"]
[EventDate "2013.10.13"]
[EventType "team-tourn"]
[EventRounds "9"]
[EventCountry "GER"]
[SourceTitle "EXT 2015"]
[Source "ChessBase"]
[SourceDate "2014.11.20"]
[SourceVersion "1"]
[SourceVersionDate "2014.11.20"]
[SourceQuality "1"]
[WhiteTeam "Kriegshaber"]
[BlackTeam "Kareth Lappersdorf"]
[WhiteTeamCountry "GER"]
[BlackTeamCountry "GER"]

1. f4 g6 2. Nf3 Bg7 3. e4 c5 4. Be2 Nc6 5. 0-0 d6 6. c3 e5 7. d3 Nge7 8. Be3 exf4 9. Bxf4 0-0 10. Qc1 d5 11. Bh6 dxe4 12. dxe4 Bg4 13. Bxg7 Kxg7 14. Qf4 Bxf3 15. Rxf3 f6 16. Na3 Ne5 17. Rh3 g5 18. Qe3 N7g6 19. b3 Qe7 20. Re1 h5 21. Qc1 Rad8 22. Re3 Nf4 23. Qc2 Qd6 24. g3 Nxe2+ 25. Qxe2 Qd2 26. Kg2 Rf7 27. Nb1 Qd7 28. Na3 Qe6 29. h3 Rfd7 30. Nb1 h4 31. Rf1 hxg3 32. Rxg3 Rd3 33. Rxd3 Rxd3 34. Rf5 Qd6 35. Rf2 Ng6 36. e5 Qd5+ 37. Kg1 Nxe5 0-1

[Event "Oberliga Bayern 1314"]
[Site "Bayern"]
[Date "2013.11.24"]
[Round "3.3"]
[White "Billing, Christian"]
[Black "Rother, Christoph"]
[Result "1/2-1/2"]
[WhiteElo "2234"]
[BlackElo "2235"]
[PlyCount "77"]
[EventDate "2013.10.13"]
[EventType "team-tourn"]
[EventRounds "9"]
[EventCountry "GER"]
[SourceTitle "EXT 2015"]
[Source "ChessBase"]
[SourceDate "2014.11.20"]
[SourceVersion "1"]
[SourceVersionDate "2014.11.20"]
[SourceQuality "1"]
[WhiteTeam "Dillingen"]
[BlackTeam "Kareth Lappersdorf"]
[WhiteTeamCountry "GER"]
[BlackTeamCountry "GER"]

1. d4 Nf6 2. Nc3 d5 3. Bg5 Nbd7 4. g3 c5 5. Nf3 cxd4 6. Qxd4 e6 7. Bg2 Bc5 8. Qa4 0-0 9. 0-0 h6 10. Bxf6 Qxf6 11. Rad1 Nb6 12. Qb5 Qe7 13. e4 Bd7 14. Qe2 Bc6 15. Ne5 d4 16. Nb5 Rfd8 17. c3 Bxb5 18. Qxb5 dxc3 19. bxc3 a6 20. Qb3 Rxd1 21. Rxd1 Rd8 22. Nd3 e5 23. Bh3 Qc7 24. Nxc5 Rxd1+ 25. Qxd1 Qxc5 26. Qd8+ Kh7 27. Qe8 Qc7 28. Bg4 g6 29. Qf8 Nc4 30. Bd1 b5 31. Bb3 a5 32. a3 a4 33. Bxc4 Qxc4 34. Qe7 Qb3 35. Kg2 Kg8 36. Qe8+ Kh7 37. h4 h5 38. Qe7 Kg8 39. Qe8+ 1/2-1/2

[Event "Oberliga Bayern 1314"]
[Site "Bayern"]
[Date "2013.11.10"]
[Round "2.3"]
[White "Rother, Christoph"]
[Black "Lowitz, Torsten"]
[Result "0-1"]
[WhiteElo "2235"]
[BlackElo "2175"]
[PlyCount "70"]
[EventDate "2013.10.13"]
[EventType "team-tourn"]
[EventRounds "9"]
[EventCountry "GER"]
[SourceTitle "EXT 2015"]
[Source "ChessBase"]
[SourceDate "2014.11.20"]
[SourceVersion "1"]
[SourceVersionDate "2014.11.20"]
[SourceQuality "1"]
[WhiteTeam "Kareth Lappersdorf"]
[BlackTeam "Puschendorf"]
[WhiteTeamCountry "GER"]
[BlackTeamCountry "GER"]

1. e4 c5 2. Nf3 d6 3. d4 cxd4 4. Nxd4 Nf6 5. Nc3 a6 6. Qf3 g6 7. h3 Bg7 8. Be3 0-0 9. 0-0-0 Qc7 10. Kb1 b5 11. a3 Bb7 12. Bd3 Nbd7 13. Qg3 Ne5 14. Nde2 Nc4 15. Bc1 Nh5 16. Qh4 Rfc8 17. f3 Rab8 18. b3 Qa5 19. Bxc4 bxc4 20. b4 Bc6 21. Bb2 Qc7 22. g4 Nf6 23. Nd4 Be8 24. g5 Nh5 25. Nd5 Qa7 26. c3 a5 27. f4 axb4 28. axb4 Ra8 29. f5 Be5 30. fxg6 hxg6 31. Nf5 e6 32. Nde7+ Kf8 33. Rhf1 exf5 34. Nxc8 Qa2+ 35. Kc1 Bg3 0-1

[Event "Landesliga Nord 1213"]
[Site "Bayern"]
[Date "2013.02.24"]
[Round "7.3"]
[White "Rother, Christoph"]
[Black "Yalcin, Alparslan"]
[Result "1/2-1/2"]
[WhiteElo "2154"]
[BlackElo "2029"]
[PlyCount "96"]
[EventDate "2012.10.14"]
[EventType "team-tourn"]
[EventRounds "9"]
[EventCountry "GER"]
[SourceTitle "EXT 2015"]
[Source "ChessBase"]
[SourceDate "2014.11.20"]
[SourceVersion "1"]
[SourceVersionDate "2014.11.20"]
[SourceQuality "1"]
[WhiteTeam "Kareth Lappersdorf"]
[BlackTeam "Kitzingen"]
[WhiteTeamCountry "GER"]
[BlackTeamCountry "GER"]

1. e4 e5 2. Nf3 Nc6 3. Bb5 a6 4. Ba4 Nf6 5. 0-0 Be7 6. Re1 b5 7. Bb3 d6 8. a4 b4 9. d3 0-0 10. Nbd2 Be6 11. Nc4 Nd7 12. Be3 d5 13. exd5 Bxd5 14. a5 f5 15. Ba4 Bf6 16. Bd2 e4 17. Ne3 Nc5 18. Nxd5 Qxd5 19. dxe4 fxe4 20. Bxc6 Qxc6 21. Ng5 Rad8 22. Qe2 Qd5 23. Rad1 Bxg5 24. Be3 Qf5 25. Qc4+ Ne6 26. Bxg5 Rd4 27. Qxe6+ Qxe6 28. Rxd4 Qe5 29. Be3 c5 30. Rc4 Rc8 31. b3 h6 32. g3 Rc6 33. Bf4 Qb2 34. Rexe4 Qa1+ 35. Kg2 Qxa5 36. Be3 Qb5 37. Re5 Qb7 38. Kg1 Rd6 39. Ree4 Rd1+ 40. Kg2 Rd4 41. Bxd4 Qxe4+ 42. f3 Qe2+ 43. Bf2 a5 44. Rxc5 Qa6 45. h4 Qe2 46. h5 Qd1 47. g4 Qa1 48. Kg3 Qd1 1/2-1/2

[Event "Landesliga Nord 1213"]
[Site "Bayern"]
[Date "2013.02.03"]
[Round "6.4"]
[White "Rother, Christoph"]
[Black "Seibold, Hubert"]
[Result "1-0"]
[WhiteElo "2154"]
[BlackElo "2081"]
[PlyCount "65"]
[EventDate "2012.10.14"]
[EventType "team-tourn"]
[EventRounds "9"]
[EventCountry "GER"]
[SourceTitle "EXT 2015"]
[Source "ChessBase"]
[SourceDate "2014.11.20"]
[SourceVersion "1"]
[SourceVersionDate "2014.11.20"]
[SourceQuality "1"]
[WhiteTeam "Kareth Lappersdorf"]
[BlackTeam "Zirndorf"]
[WhiteTeamCountry "GER"]
[BlackTeamCountry "GER"]

1. d4 d5 2. c4 c6 3. Nc3 Nf6 4. e3 e6 5. Nf3 Nbd7 6. Qc2 Be7 7. Bd2 a6 8. g4 dxc4 9. Bxc4 b5 10. Bd3 h6 11. g5 hxg5 12. Nxg5 Nf8 13. Nce4 Nd5 14. Nf3 Nb4 15. Bxb4 Bxb4+ 16. Ke2 Bb7 17. a3 Be7 18. Rhg1 g6 19. Nc5 Bxc5 20. dxc5 Qe7 21. Qc3 Rh5 22. b4 e5 23. Nd2 f5 24. a4 Rxh2 25. Nf3 Rxf2+ 26. Kxf2 e4 27. Be2 exf3 28. Bxf3 bxa4 29. Rad1 a5 30. bxa5 g5 31. Rd6 g4 32. Qh8 Rd8 33. Qh5+ 1-0

[Event "Landesliga Nord 1213"]
[Site "Bayern"]
[Date "2012.12.09"]
[Round "4.4"]
[White "Rother, Christoph"]
[Black "Bunk, Karsten"]
[Result "1-0"]
[WhiteElo "2154"]
[BlackElo "2028"]
[PlyCount "25"]
[EventDate "2012.10.14"]
[EventType "team-tourn"]
[EventRounds "9"]
[EventCountry "GER"]
[SourceTitle "EXT 2015"]
[Source "ChessBase"]
[SourceDate "2014.11.20"]
[SourceVersion "1"]
[SourceVersionDate "2014.11.20"]
[SourceQuality "1"]
[WhiteTeam "Kareth Lappersdorf"]
[BlackTeam "Nuernberg Sued SW"]
[WhiteTeamCountry "GER"]
[BlackTeamCountry "GER"]

1. e4 d6 2. d4 Nf6 3. Nc3 g6 4. Be3 Bg7 5. h3 a6 6. Nf3 b5 7. e5 dxe5 8. dxe5 Qxd1+ 9. Rxd1 Nfd7 10. Nd5 Kd8 11. Ng5 Bxe5 12. Nxf7+ Ke8 13. Nxe5 1-0

[Event "Regionalliga NO 1112"]
[Site "Bayern"]
[Date "2011.10.02"]
[Round "1.4"]
[White "Rother, Christoph"]
[Black "Endres, Christian"]
[Result "1/2-1/2"]
[WhiteElo "2169"]
[BlackElo "2049"]
[PlyCount "49"]
[EventDate "2011.10.02"]
[EventType "team-tourn"]
[EventRounds "9"]
[EventCountry "GER"]
[SourceTitle "EXT 2013"]
[Source "ChessBase"]
[SourceDate "2012.11.22"]
[SourceVersion "1"]
[SourceVersionDate "2012.11.22"]
[SourceQuality "1"]
[WhiteTeam "Kareth Lappersdorf"]
[BlackTeam "Altensittenbach"]
[WhiteTeamCountry "GER"]
[BlackTeamCountry "GER"]

1. c4 c5 2. Nf3 Nf6 3. g3 d5 4. Bg2 Nc6 5. 0-0 Bf5 6. cxd5 Nxd5 7. Nc3 Nxc3 8. bxc3 e5 9. Bb2 Qb6 10. Nh4 Be6 11. Qa4 Be7 12. Rfb1 0-0 13. Ba3 Qc7 14. Qb5 Na5 15. d3 Bd7 16. Qb2 Bxh4 17. gxh4 Rad8 18. Qd2 b6 19. Kh1 Bc6 20. Rg1 Rd6 21. Qe3 Rg6 22. f3 Qe7 23. Bf1 Rxg1+ 24. Kxg1 f5 25. Qg5 1/2-1/2

[Event "Oberliga Bayern 0910"]
[Site "Bayern"]
[Date "2010.04.11"]
[Round "9.4"]
[White "Rother, Christoph"]
[Black "Zehnter, Sebastian"]
[Result "0-1"]
[WhiteElo "2167"]
[BlackElo "220"]
[PlyCount "76"]
[EventDate "2009.10.18"]
[EventType "team-tourn"]
[EventRounds "9"]
[EventCountry "GER"]
[SourceTitle "EXT 2011"]
[Source "ChessBase"]
[SourceDate "2010.11.26"]
[SourceVersion "1"]
[SourceVersionDate "2010.11.26"]
[SourceQuality "1"]
[WhiteTeam "Regensburg Fortuna"]
[BlackTeam "Wuerzburg"]
[WhiteTeamCountry "GER"]
[BlackTeamCountry "GER"]

1. e4 c5 2. Nf3 e6 3. d4 cxd4 4. Nxd4 a6 5. Bd3 Qc7 6. 0-0 Nf6 7. Qe2 d6 8. Kh1 Nbd7 9. Nc3 Be7 10. f4 h5 11. Be3 b5 12. Bg1 Bb7 13. Rae1 b4 14. Nd1 h4 15. h3 Nc5 16. Nf2 Nh5 17. Bh2 Bf6 18. Qe3 e5 19. Nf3 exf4 20. Bxf4 Nxf4 21. Qxf4 Bxb2 22. e5 0-0-0 23. exd6 Rxd6 24. Ne4 Nxe4 25. Bxe4 Bc3 26. Bxb7+ Kxb7 27. Re4 Re6 28. Nxh4 Qxf4 29. Rfxf4 Rxe4 30. Rxe4 a5 31. Nf5 Rd8 32. Re7+ Kc6 33. Rxf7 Rd1+ 34. Kh2 Be5+ 35. Ng3 Ra1 36. Rf5 Kd5 37. h4 Rxa2 38. Kh3 Ra3 0-1

[Event "Oberliga Bayern 0910"]
[Site "Bayern"]
[Date "2010.03.21"]
[Round "8.4"]
[White "Nuber, Blasius"]
[Black "Rother, Christoph"]
[Result "1-0"]
[WhiteElo "2214"]
[BlackElo "2167"]
[PlyCount "83"]
[EventDate "2009.10.18"]
[EventType "team-tourn"]
[EventRounds "9"]
[EventCountry "GER"]
[SourceTitle "EXT 2011"]
[Source "ChessBase"]
[SourceDate "2010.11.26"]
[SourceVersion "1"]
[SourceVersionDate "2010.11.26"]
[SourceQuality "1"]
[WhiteTeam "Dillingen"]
[BlackTeam "Regensburg Fortuna"]
[WhiteTeamCountry "GER"]
[BlackTeamCountry "GER"]

1. e4 e5 2. Nf3 Nc6 3. d4 exd4 4. Bc4 Nf6 5. 0-0 Nxe4 6. Re1 d5 7. Nc3 dxc4 8. Rxe4+ Be6 9. Nxd4 Nxd4 10. Rxd4 Bd6 11. Bf4 Qe7 12. Bxd6 cxd6 13. Rxd6 0-0 14. Nd5 Qg5 15. Nc7 Bg4 16. Qd5 Qxd5 17. Nxd5 Rfd8 18. Rxd8+ Rxd8 19. Re1 Kf8 20. Ne3 Be6 21. Rd1 Rxd1+ 22. Nxd1 Ke7 23. f4 Kd6 24. Kf2 b5 25. Ke3 Kc5 26. g3 Bf5 27. c3 a5 28. Nf2 Kd5 29. g4 Bb1 30. a3 f5 31. g5 Bc2 32. h4 g6 33. Nh1 Kc5 34. h5 Bd1 35. h6 Kd5 36. Ng3 Bg4 37. a4 bxa4 38. Nf1 a3 39. bxa3 Kc5 40. Kf2 Bh3 41. Ne3 Kb5 42. Kg3 1-0

[Event "Bayern-chI Bank Hofmann 13th"]
[Site "Bad Wiessee"]
[Date "2009.11.07"]
[Round "9"]
[White "Rother, Christoph"]
[Black "Quinn, John M"]
[Result "1-0"]
[WhiteElo "2254"]
[BlackElo "2161"]
[PlyCount "55"]
[EventDate "2009.10.31"]
[EventType "swiss"]
[EventRounds "9"]
[EventCountry "GER"]
[SourceTitle "EXT 2010"]
[Source "ChessBase"]
[SourceDate "2010.11.25"]
[SourceVersion "1"]
[SourceVersionDate "2010.11.25"]
[SourceQuality "1"]

1. c4 Nf6 2. g3 g6 3. Nc3 Bg7 4. Bg2 0-0 5. d4 d6 6. Nf3 Nbd7 7. 0-0 e5 8. h3 Re8 9. e4 exd4 10. Nxd4 a6 11. Re1 Rb8 12. a4 Ne5 13. b3 c5 14. Nc2 Nc6 15. Bg5 h6 16. Bd2 Be6 17. Rb1 Qd7 18. Kh2 h5 19. f4 h4 20. g4 Bxg4 21. hxg4 Nxg4+ 22. Kg1 Nd4 23. Ne3 Nf6 24. Kh2 g5 25. fxg5 Nxe4 26. Nxe4 Rxe4 27. Bxe4 Be5+ 28. Kg2 1-0

[Event "Bayern-chI Bank Hofmann 13th"]
[Site "Bad Wiessee"]
[Date "2009.11.05"]
[Round "7"]
[White "Rother, Christoph"]
[Black "Lutz, Anke"]
[Result "1-0"]
[WhiteElo "2254"]
[BlackElo "2195"]
[PlyCount "69"]
[EventDate "2009.10.31"]
[EventType "swiss"]
[EventRounds "9"]
[EventCountry "GER"]
[SourceTitle "EXT 2010"]
[Source "ChessBase"]
[SourceDate "2010.11.25"]
[SourceVersion "1"]
[SourceVersionDate "2010.11.25"]
[SourceQuality "1"]

1. c4 Nf6 2. Nc3 c6 3. e4 d5 4. exd5 cxd5 5. d4 Nc6 6. Nf3 Be6 7. cxd5 Bxd5 8. Bb5 e6 9. 0-0 Be7 10. Nxd5 Nxd5 11. Qa4 Qb6 12. Ne5 Rc8 13. Bd2 a6 14. Bxc6+ bxc6 15. Rac1 Qxb2 16. Rxc6 0-0 17. Rxc8 Rxc8 18. Qxa6 Rd8 19. Bc1 Qc2 20. Nc6 Re8 21. a4 Bf6 22. a5 Nc3 23. Be3 h5 24. Qb7 h4 25. h3 Qd3 26. Re1 Nd5 27. a6 Nxe3 28. Rxe3 Qd1+ 29. Kh2 Bxd4 30. Qd7 Ra8 31. Nxd4 Qa1 32. Rf3 Rf8 33. a7 Qa5 34. Nc6 Qa6 35. Rf4 1-0

[Event "Bayern-chI Bank Hofmann 13th"]
[Site "Bad Wiessee"]
[Date "2009.11.02"]
[Round "3"]
[White "Rother, Christoph"]
[Black "Naumann, Alexander"]
[Result "0-1"]
[WhiteElo "2254"]
[BlackElo "2522"]
[PlyCount "80"]
[EventDate "2009.10.31"]
[EventType "swiss"]
[EventRounds "9"]
[EventCountry "GER"]
[SourceTitle "EXT 2010"]
[Source "ChessBase"]
[SourceDate "2010.11.25"]
[SourceVersion "1"]
[SourceVersionDate "2010.11.25"]
[SourceQuality "1"]

1. d4 Nf6 2. c4 e6 3. Nf3 d5 4. Nc3 dxc4 5. e3 a6 6. Bxc4 b5 7. Bb3 Bb7 8. 0-0 c5 9. dxc5 Bxc5 10. Qxd8+ Kxd8 11. Bd2 Nbd7 12. Rfd1 Ke7 13. Ne2 Bd6 14. Rac1 Rac8 15. a3 Rxc1 16. Nxc1 Nc5 17. Bc2 Rc8 18. Ne1 Be4 19. Ncd3 Nxd3 20. Bxd3 Bb7 21. Rc1 Rxc1 22. Bxc1 Ng4 23. h3 Ne5 24. Be2 Bd5 25. Kf1 Nc4 26. Bf3 Bxf3 27. Nxf3 f5 28. Ke2 e5 29. Nd2 Nxd2 30. Bxd2 Ke6 31. f3 e4 32. fxe4 fxe4 33. Bc1 a5 34. b3 a4 35. bxa4 bxa4 36. Kd2 Kd5 37. Kc3 Kc5 38. Bd2 Be5+ 39. Kc2 Kc4 40. Bb4 Bc7 0-1

[Event "Erbendorf op"]
[Site "Erbendorf"]
[Date "2009.06.13"]
[Round "6"]
[White "Frank, Werner"]
[Black "Rother, Christoph"]
[Result "0-1"]
[WhiteElo "2014"]
[BlackElo "2297"]
[PlyCount "104"]
[EventDate "2009.06.11"]
[EventType "swiss"]
[EventRounds "7"]
[EventCountry "GER"]
[SourceTitle "CBM 130 Extra"]
[Source "ChessBase"]
[SourceDate "2009.07.02"]
[SourceVersion "2"]
[SourceVersionDate "2009.07.15"]
[SourceQuality "1"]

1. d4 Nf6 2. Bf4 g6 3. e3 Bg7 4. c3 0-0 5. Be2 d6 6. h4 h5 7. Nh3 c5 8. Ng5 Qb6 9. Qb3 Qxb3 10. axb3 Nc6 11. Nd2 cxd4 12. exd4 Bg4 13. Bf3 Bxf3 14. Ndxf3 e5 15. dxe5 dxe5 16. Be3 Nd5 17. Ke2 Nxe3 18. fxe3 Rfd8 19. Rhd1 Kf8 20. b4 Rxd1 21. Rxd1 Rd8 22. Ra1 a6 23. Ne4 Rd7 24. Nc5 Rc7 25. Ng5 Ke8 26. Nge4 Nd8 27. b5 axb5 28. Ra8 Ke7 29. Nd3 Nc6 30. g3 b6 31. Ra6 Rb7 32. Kd2 f5 33. Ng5 Bf6 34. Nh7 Bg7 35. Ng5 Bh6 36. Nh3 Kd6 37. Ke2 Kc7 38. Ra8 Rb8 39. Ra2 Rd8 40. Nhf2 Bf8 41. b4 Bd6 42. Nh3 Be7 43. Ra1 Kb7 44. Ra2 Bf6 45. e4 Ne7 46. Nhf2 Nc8 47. exf5 gxf5 48. Nh3 Nd6 49. Ndf2 Rg8 50. Kf3 e4+ 51. Kf4 Bxc3 52. Ng5 Re8 0-1

[Event "Erbendorf op"]
[Site "Erbendorf"]
[Date "2009.06.12"]
[Round "4"]
[White "Blodig, Carolin"]
[Black "Rother, Christoph"]
[Result "0-1"]
[WhiteElo "2019"]
[BlackElo "2297"]
[PlyCount "100"]
[EventDate "2009.06.11"]
[EventType "swiss"]
[EventRounds "7"]
[EventCountry "GER"]
[SourceTitle "CBM 130 Extra"]
[Source "ChessBase"]
[SourceDate "2009.07.02"]
[SourceVersion "2"]
[SourceVersionDate "2009.07.15"]
[SourceQuality "1"]

1. e4 e6 2. d4 d5 3. exd5 exd5 4. Nf3 Bd6 5. c4 Qe7+ 6. Qe2 dxc4 7. Qxe7+ Nxe7 8. Bxc4 Bg4 9. Ne5 Bh5 10. 0-0 f6 11. Nd3 Nbc6 12. d5 Nd4 13. Nc3 0-0-0 14. Bf4 Ne2+ 15. Nxe2 Bxe2 16. Rfe1 Bxd3 17. Bxd6 Rxd6 18. Bxd3 Nxd5 19. Bc4 Kd7 20. Rad1 c6 21. Rd2 Nc7 22. Red1 Rxd2 23. Rxd2+ Ke7 24. Re2+ Kd6 25. Kf1 Re8 26. Rd2+ Nd5 27. Be2 Kc5 28. Rc2+ Kd6 29. Rd2 a5 30. Ke1 Kc7 31. Kd1 Nf4 32. Bf3 Rd8 33. Rxd8 Kxd8 34. Be4 g6 35. g3 Ne6 36. Kd2 Ke7 37. Kc3 Kd6 38. f4 f5 39. Bf3 b6 40. a3 b5 41. b4 axb4+ 42. axb4 Nc7 43. Bg2 Nd5+ 44. Kb3 c5 45. bxc5+ Kxc5 46. Bf1 Ne3 47. Be2 Ng4 48. h3 Nf2 49. Bf1 Ne4 50. Bg2 Nxg3 0-1

[Event "Bayern-chA 79th"]
[Site "Bad Neustadt/Saale"]
[Date "2008.09.01"]
[Round "3"]
[White "Poetsch, Klaus"]
[Black "Rother, Christoph"]
[Result "0-1"]
[WhiteElo "2140"]
[BlackElo "2239"]
[PlyCount "80"]
[EventDate "2008.08.30"]
[EventType "swiss"]
[EventRounds "9"]
[EventCountry "GER"]
[SourceTitle "EXT 2015"]
[Source "ChessBase"]
[SourceDate "2014.11.20"]
[SourceVersion "1"]
[SourceVersionDate "2014.11.20"]
[SourceQuality "1"]

1. d4 Nf6 2. Nf3 e6 3. c4 b6 4. a3 Ba6 5. Qc2 Bb7 6. Nc3 c5 7. e3 Be7 8. dxc5 bxc5 9. Be2 0-0 10. 0-0 Qc7 11. Rd1 d5 12. b3 Nbd7 13. cxd5 exd5 14. Bb2 Rfd8 15. Nb5 Qb6 16. a4 a6 17. a5 Qc6 18. Nc3 h6 19. Nh4 Qe6 20. Nf5 Bf8 21. Na4 Rac8 22. Ng3 Re8 23. Bd3 Rc7 24. Bf1 Rb8 25. Bc3 Bc6 26. Nb6 Bb5 27. Bxb5 axb5 28. Nf5 Nxb6 29. axb6 Rd7 30. Ra7 Rxb6 31. Ra8 Ra6 32. Ra1 Rxa8 33. Rxa8 Qc6 34. Rb8 d4 35. exd4 Qc7 36. Rxb5 cxd4 37. Nxd4 Rxd4 38. g3 Ne4 39. Qb2 Qxc3 40. Qxc3 Nxc3 0-1

[Event "Bayern-chA 79th"]
[Site "Bad Neustadt/Saale"]
[Date "2008.09.01"]
[Round "4"]
[White "Rother, Christoph"]
[Black "Liepold, Stefan"]
[Result "1/2-1/2"]
[WhiteElo "2239"]
[BlackElo "2254"]
[PlyCount "57"]
[EventDate "2008.08.30"]
[EventType "swiss"]
[EventRounds "9"]
[EventCountry "GER"]
[SourceTitle "EXT 2015"]
[Source "ChessBase"]
[SourceDate "2014.11.20"]
[SourceVersion "1"]
[SourceVersionDate "2014.11.20"]
[SourceQuality "1"]

1. d4 Nf6 2. Nc3 d5 3. Bg5 Nbd7 4. Nf3 e6 5. e3 c5 6. Bd3 Qb6 7. Bxf6 Nxf6 8. Bb5+ Bd7 9. Bxd7+ Nxd7 10. Rb1 Be7 11. 0-0 0-0 12. Ne2 Qa6 13. dxc5 Nxc5 14. a3 Rac8 15. Nf4 Rfd8 16. Qe2 Qxe2 17. Nxe2 Ne4 18. c3 f6 19. Rfd1 Kf7 20. Kf1 e5 21. Ne1 Ke6 22. Nd3 h5 23. Ng3 Nxg3+ 24. hxg3 a5 25. Ke2 g6 26. Rbc1 Rc6 27. Rd2 Rc4 28. Rcd1 h4 29. gxh4 1/2-1/2

[Event "BL2-Ost 0708"]
[Site "Germany"]
[Date "2008.04.20"]
[Round "9.4"]
[White "Wichmann, Cliff"]
[Black "Rother, Christoph"]
[Result "1-0"]
[WhiteElo "2373"]
[BlackElo "2306"]
[PlyCount "105"]
[EventDate "2007.10.21"]
[EventType "team-tourn"]
[EventRounds "9"]
[EventCountry "GER"]
[SourceTitle "EXT 2009"]
[Source "ChessBase"]
[SourceDate "2008.11.26"]
[SourceVersion "1"]
[SourceVersionDate "2008.11.26"]
[SourceQuality "1"]
[WhiteTeam "Aue Nickelhuette"]
[BlackTeam "Regensburg Fortuna"]
[WhiteTeamCountry "GER"]
[BlackTeamCountry "GER"]

1. d4 Nf6 2. Nf3 g6 3. c4 Bg7 4. Nc3 0-0 5. e4 d6 6. Be2 e5 7. Be3 Na6 8. 0-0 Ng4 9. Bg5 Qe8 10. h3 f6 11. Bc1 Nh6 12. Re1 Nf7 13. dxe5 dxe5 14. b3 Nd8 15. Ba3 Rf7 16. c5 Nb8 17. b4 Be6 18. Qc2 Rd7 19. Rad1 Bf7 20. Rxd7 Nxd7 21. Nb5 Ne6 22. Bc4 a6 23. Nc3 Rd8 24. Bb2 Ng5 25. Bxf7+ Nxf7 26. Nd5 c6 27. Ne3 Nf8 28. Nc4 Qd7 29. Nfd2 Ne6 30. Nb3 Nf4 31. Bc1 Qd3 32. Na3 Qxc2 33. Nxc2 Ne6 34. Kf1 Bh6 35. Bxh6 Nxh6 36. Ne3 Kf8 37. Nc4 Nf7 38. Rc1 Ke7 39. Nba5 Rb8 40. Rd1 Rd8 41. Rc1 Rb8 42. Rc2 h5 43. Rd2 Ned8 44. Nb6 f5 45. Rd7+ Ke6 46. f3 fxe4 47. fxe4 Ng5 48. Rd6+ Ke7 49. Rxg6 Nxe4 50. Rg8 Nf6 51. Rh8 e4 52. Ke2 Ke6 53. Rh6 1-0

[Event "BL2-Ost 0708"]
[Site "Germany"]
[Date "2008.02.10"]
[Round "6.4"]
[White "Rother, Christoph"]
[Black "Schubert, Thomas"]
[Result "1/2-1/2"]
[WhiteElo "2306"]
[BlackElo "2372"]
[PlyCount "31"]
[EventDate "2007.10.21"]
[EventType "team-tourn"]
[EventRounds "9"]
[EventCountry "GER"]
[SourceTitle "EXT 2009"]
[Source "ChessBase"]
[SourceDate "2008.11.26"]
[SourceVersion "1"]
[SourceVersionDate "2008.11.26"]
[SourceQuality "1"]
[WhiteTeam "Regensburg Fortuna"]
[BlackTeam "Leipzig Mitte"]
[WhiteTeamCountry "GER"]
[BlackTeamCountry "GER"]

1. e4 c6 2. d4 d5 3. Nd2 dxe4 4. Nxe4 Nf6 5. Nxf6+ exf6 6. Bc4 Qe7+ 7. Qe2 Be6 8. Bxe6 Qxe6 9. Nf3 Bd6 10. Qe3 0-0 11. 0-0 Nd7 12. Re1 Qd5 13. Qb3 Qxb3 14. axb3 a6 15. Bd2 Rfe8 16. Kf1 1/2-1/2

[Event "Bayern-ch 78th"]
[Site "Vaterstetten"]
[Date "2007.08.19"]
[Round "3"]
[White "Herich, Manfred"]
[Black "Rother, Christoph"]
[Result "0-1"]
[WhiteElo "2206"]
[BlackElo "2239"]
[PlyCount "54"]
[EventDate "2007.08.18"]
[EventType "swiss"]
[EventRounds "9"]
[EventCountry "GER"]
[SourceTitle "EXT 2015"]
[Source "ChessBase"]
[SourceDate "2014.11.20"]
[SourceVersion "1"]
[SourceVersionDate "2014.11.20"]
[SourceQuality "1"]

1. b3 d6 2. e3 Nd7 3. Nf3 Ngf6 4. Bb2 g6 5. d4 Bg7 6. c4 0-0 7. Be2 e5 8. 0-0 e4 9. Nfd2 Re8 10. Nc3 Nf8 11. Re1 h5 12. f3 exf3 13. Bxf3 Ne6 14. Nde4 Nxe4 15. Nxe4 f5 16. Nf2 Ng5 17. Bd5+ Kf8 18. g3 c6 19. Bg2 Ne4 20. Qc2 Qe7 21. Ba3 Kg8 22. Rad1 Bh6 23. Bc1 h4 24. gxh4 Qxh4 25. d5 c5 26. Bb2 Bg5 27. Rb1 Qxf2+ 0-1

[Event "Oberliga Bayern 0607"]
[Site "Bayern"]
[Date "2007.04.01"]
[Round "8.4"]
[White "Suran, Jan"]
[Black "Rother, Christoph"]
[Result "1-0"]
[WhiteElo "2348"]
[BlackElo "2279"]
[PlyCount "83"]
[EventDate "2006.10.15"]
[EventType "team-tourn"]
[EventRounds "9"]
[EventCountry "GER"]
[SourceTitle "EXT 2008"]
[Source "ChessBase"]
[SourceDate "2007.11.25"]
[SourceVersion "1"]
[SourceVersionDate "2007.11.25"]
[SourceQuality "1"]
[WhiteTeam "Koetzting"]
[BlackTeam "Regensburg Fortuna"]
[WhiteTeamCountry "GER"]
[BlackTeamCountry "GER"]

1. e4 e6 2. d4 d5 3. Nd2 c5 4. exd5 Qxd5 5. Ngf3 cxd4 6. Bc4 Qd6 7. Qe2 Nf6 8. Nb3 Nc6 9. Bg5 Be7 10. 0-0-0 Nd5 11. Bxe7 Ndxe7 12. Nbxd4 Nxd4 13. Rxd4 Qc7 14. Bb5+ Nc6 15. Qe5 Qxe5 16. Nxe5 0-0 17. Nxc6 bxc6 18. Bxc6 Rb8 19. Rhd1 e5 20. Rd8 Bf5 21. Rxb8 Rxb8 22. Rd5 f6 23. Ra5 Rc8 24. Bd5+ Kf8 25. c4 Rc7 26. Kd2 Ke7 27. b4 g5 28. Kc3 Bc8 29. c5 f5 30. Kc4 h5 31. b5 Kf6 32. Ra3 g4 33. c6 e4 34. h4 gxh3 35. Rxh3 Rh7 36. g3 f4 37. Rh4 fxg3 38. Rf4+ Kg5 39. fxg3 e3 40. Re4 h4 41. gxh4+ Rxh4 42. Rxh4 1-0

[Event "Oberliga Bayern 0607"]
[Site "Bayern"]
[Date "2007.02.04"]
[Round "5.4"]
[White "Rother, Christoph"]
[Black "Delitzsch, Juergen"]
[Result "0-1"]
[WhiteElo "2279"]
[BlackElo "2200"]
[PlyCount "58"]
[EventDate "2006.10.15"]
[EventType "team-tourn"]
[EventRounds "9"]
[EventCountry "GER"]
[SourceTitle "EXT 2008"]
[Source "ChessBase"]
[SourceDate "2007.11.25"]
[SourceVersion "1"]
[SourceVersionDate "2007.11.25"]
[SourceQuality "1"]
[WhiteTeam "Regensburg Fortuna"]
[BlackTeam "Bindlach II"]
[WhiteTeamCountry "GER"]
[BlackTeamCountry "GER"]

1. e4 c5 2. Nf3 Nc6 3. d4 cxd4 4. Nxd4 g6 5. Nc3 Bg7 6. Be3 Nf6 7. Bc4 Qa5 8. 0-0 0-0 9. Nb3 Qc7 10. Nb5 Qb8 11. f3 a6 12. N5d4 Ne5 13. Be2 d5 14. exd5 Nxd5 15. Qd2 Nxe3 16. Qxe3 Qa7 17. Rfd1 a5 18. c3 a4 19. Nc1 Nc6 20. Qf2 Nxd4 21. cxd4 Rd8 22. d5 Qxf2+ 23. Kxf2 a3 24. Rb1 axb2 25. Nd3 Rxa2 26. g4 h5 27. h3 hxg4 28. hxg4 Bc3 29. Nc5 Ra1 0-1